000 00501nam a22001697a 4500
005 20251108171047.0
008 250721s1994 xx 000 0 ara d
082 1 4 _a796.812/أحم
100 1 _aبهاء الدين، أحمد محمد
245 1 0 _aشوتوكان :
_bكاراتيه /
264 1 _aالدمام :
_bنادي النهضه الرياضي،
_c1994.
300 _aج
650 1 7 _aالكاراتيه
650 1 7 _aالدفاع عن النفس
942 _2ddc
_cBK
999 _c55601
_d55601